000 00423pab a2200169 454500
008 180718b1980 xxu||||| |||| 00| 0 eng d
100 _aWishwakarma, R.K.
245 _aUrban informal sector: Concept, public policy issues and measures
260 _c1980
300 _ap.38-49.
362 _aApr-Jun
650 _aPublic policy
650 _aInformal sector
773 _aNagarlok
908 _aN
909 _a102001
999 _c101999
_d101999